00378nam a2200145Ia 4500008004100000020001500041041001200056082001600068100002000084245006300104260002500167300000800192650001700200700001500217221030s9999 xx 000 0 und d a812031042X aEnglish a105.23bBla aO. J. Blanchard 0aLectures on Macroeconomicscby O. J. Blanchard, S. Fischer bPHIaNew Delhic2000 a650 aBE Economics aS. Fischer